| 000 | 01435 a2200361 4500 | ||
|---|---|---|---|
| 003 | OSt | ||
| 005 | 20180116192359.0 | ||
| 008 | 120702t xxu||||| |||| 00| 0 eng d | ||
| 010 | _a 2010281139 | ||
| 020 | _a9780714848860 | ||
| 020 | _a0714848867 | ||
| 035 | _a(OCoLC)ocn227931908 | ||
| 040 | _c0 | ||
| 082 | 0 | 4 | _a759.13074 22 |
| 100 | 1 |
_aPeyton, Elizabeth, _94914 |
|
| 245 | 1 | 0 |
_aLive forever / _cElizabeth Peyton ; [contributors, Laura Hoptman, Iwona Blazwick, John Giorno]. |
| 260 |
_aLondon ; _aNew York ; _bPhaidon Press, _c2008. |
||
| 300 |
_a255 p. : _bchiefly ill. (chiefly col.) ; _c31 cm. |
||
| 500 | _a"In association with the New Museum ... New York." | ||
| 500 | _aContributors from p. 255. | ||
| 500 | _aCatalog of an exhibition at the New Museum and other venues. | ||
| 505 | 0 | _aEphemera -- Works -- Fin de siecle / by Laura Hoptman -- Excessive life / by Iwona Blazwick -- Her hand dipped in wisdom / by John Giorno. | |
| 600 | 1 | 0 |
_aPeyton, Elizabeth, _d1965- _94915 |
| 650 | 1 | 0 |
_aPainting, American _94916 |
| 650 | 1 | 0 |
_aPortrait photography _94917 |
| 650 | 1 | 0 |
_aPortrait painting, American _94918 |
| 700 | 1 |
_aHoptman, Laura J., _d1962- _94919 |
|
| 700 | 1 |
_aBlazwick, Iwona. _94920 |
|
| 700 | 1 |
_aGiorno, John. _94921 |
|
| 710 | 2 |
_aNew Museum of Contemporary Art (New York, N.Y.) _94922 |
|
| 942 |
_aSADA _cBK _k759.13074 22 PEY 2008 _2ddc |
||
| 999 |
_c353248 _d353248 |
||